zpět

Detail výsledku týmu

Kentaur PO, Brno

Datum a čas kvízu

23 Celkem bodů Celkový počet nahraných bodů na tomto kvízu bez doplňovacích otázek.
5. Pořadí na kvízu Konečné umístění týmu na tomto kvízu.

Zaznamenané odpovědi

# Otázka Odpověď Body Výsledky
1. Sociální demokraté si na svém... Ondřej Veselý, Michal Šmarda, Jana Maláčová, Tomáš Petříček, Roman Onderka 0
2. Jak se nazývá země, která v re... Pákistán 0
3. Jistá služba internetového úlo... Ulož.to 1
4. Irský oděvní řetězec, populárn... Primark 1
5. Celkové pořadí Světového pohár... Mikaela Shiffrinová 1
6. Praha, Plzeň, Pardubice, Příbr... Prachatice 1
7. Francium, rubidium, cesium, dr... lithium (Li) 1
8. Schillerová, Babiš, Kalousek,... Jan Fischer 1
9. Bohdalová, Kubišová, Rettigová... Milada Horáková 1
10. Komedie omylů, Zkrocení zlé že... Mnoho povyku pro nic 0